| 000 | 01164cab a2200205 4500 | ||
|---|---|---|---|
| 001 | ##L135600 | ||
| 008 | 061114n2006 000 0 eng u | ||
| 035 | _a(Sirsi) u135600 | ||
| 041 | 0 | _aeng | |
| 110 | 2 |
_aCITB-ConstructionSkills _94992 |
|
| 245 | 0 | 0 | _aIndustry forum considers impact of IMC on training |
| 260 | _c2006 | ||
| 490 | 0 |
_aCITB-ConstructionSkills Press Release _v7 November 2006 |
|
| 520 | _aA new Innovative Methods of Construction (IMC) Skills Forum has been set up in response to the predicted growth of IMC. At present, IMC accounts for around 4% of construction turnover, but fast growth in output (in excess of 12% over the next four years) together with government's sustainability agenda means that change is required to speed up the construction process. The forum will identify areas for future development and ensure a more structured approach to meeting training needs. | ||
| 590 | _aKA | ||
| 651 | 4 |
_aUnited Kingdom _y |
|
| 690 | _aBUILT ENVIRONMENT-CONSTRUCTION DESIGN | ||
| 856 | 4 | 0 |
_uhttps://www.citb-constructionskills.co.uk/news/pressreleases _zView the item free of charge at www.citb-constructionskills.co.uk... |
| 942 | _n0 | ||
| 999 |
_c77955 _d77955 |
||